Gender and discrimination : (Record no. 31959)
[ view plain ]
| 000 -LEADER | |
|---|---|
| fixed length control field | 01525cam a22003615a 4500 |
| 005 - DATE AND TIME OF LATEST TRANSACTION | |
| control field | 20091104224331.0 |
| 008 - FIXED-LENGTH DATA ELEMENTS--GENERAL INFORMATION | |
| fixed length control field | 091022s2009 ii ab b 000 0 eng |
| 010 ## - LCCN (DPL NO) | |
| LC control number | ENG-95516 |
| 020 ## - INTERNATIONAL STANDARD BOOK NUMBER | |
| International Standard Book Number | 9780198060291 |
| Terms of availability | 750.00 |
| 020 ## - INTERNATIONAL STANDARD BOOK NUMBER | |
| International Standard Book Number | 0198060297 |
| Terms of availability | 750.00 |
| 035 ## - SYSTEM CONTROL NUMBER | |
| System control number | EN-79049 |
| 037 ## - SOURCE OF ACQUISITION | |
| Source of stock number/acquisition | DBAD/PUB |
| 040 ## - CATALOGING SOURCE | |
| Original cataloging agency | DPL |
| Language of cataloging | Eng |
| 082 ## - DEWEY DECIMAL CLASSIFICATION NUMBER | |
| Classification number | 305.42 |
| 245 ## - TITLE STATEMENT | |
| Title | Gender and discrimination : |
| Remainder of title | health, nutritional status, and role of women in India / |
| Statement of responsibility, etc | edited by Manoranjan Pal ... [et al.] |
| 260 ## - PUBLICATION, DISTRIBUTION, ETC. (IMPRINT) | |
| Place of publication, distribution, etc | New Delhi |
| Name of publisher, distributor, etc | Oxford University Press |
| Date of publication, distribution, etc | 2009 |
| 270 ## - ADDRESS | |
| Address | YMCA Library Building Jai Singh Road |
| City | New Delhi |
| Postal code | 110001 |
| 300 ## - PHYSICAL DESCRIPTION | |
| Extent | xxviii, 323 p. : |
| Other physical details | ill., map |
| Dimensions | 23 cm (Hb) |
| 504 ## - BIBLIOGRAPHY, ETC. NOTE | |
| Bibliography, etc | Includes bibliographical references |
| 650 ## - SUBJECT ADDED ENTRY--TOPICAL TERM | |
| Topical term or geographic name as entry element | Sex discrimination against women |
| Geographic subdivision | India. |
| 650 ## - SUBJECT ADDED ENTRY--TOPICAL TERM | |
| Topical term or geographic name as entry element | Sex differences |
| Geographic subdivision | India. |
| 650 ## - SUBJECT ADDED ENTRY--TOPICAL TERM | |
| Topical term or geographic name as entry element | Women |
| Geographic subdivision | India |
| General subdivision | Social conditions. |
| 700 ## - ADDED ENTRY--PERSONAL NAME | |
| Personal name | Pal, Manoranjan. |
| 700 ## - ADDED ENTRY--PERSONAL NAME | |
| Personal name | Bharati, Premananda |
| 700 ## - ADDED ENTRY--PERSONAL NAME | |
| Personal name | Ghosh, Bholanath |
| 700 ## - ADDED ENTRY--PERSONAL NAME | |
| Personal name | Vasulu, T.S. |
| 856 ## - ELECTRONIC LOCATION AND ACCESS | |
| Uniform Resource Identifier | <a href="http://www.loc.gov/catdir/enhancements/fy1001/2009310535-b.html">http://www.loc.gov/catdir/enhancements/fy1001/2009310535-b.html</a> |
| 856 ## - ELECTRONIC LOCATION AND ACCESS | |
| Uniform Resource Identifier | <a href="http://www.loc.gov/catdir/enhancements/fy1001/2009310535-d.html">http://www.loc.gov/catdir/enhancements/fy1001/2009310535-d.html</a> |
| 856 ## - ELECTRONIC LOCATION AND ACCESS | |
| Uniform Resource Identifier | <a href="http://www.loc.gov/catdir/enhancements/fy1001/2009310535-t.html">http://www.loc.gov/catdir/enhancements/fy1001/2009310535-t.html</a> |
| 942 ## - ADDED ENTRY ELEMENTS (KOHA) | |
| Source of classification or shelving scheme | Dewey Decimal Classification |
| Item type | English Books |
| Call number suffix | GEN |
| Classification part | 305.42 |
| Withdrawn status | Lost status | Source of classification or shelving scheme | Damaged status | Not for loan | Collection code | Home library | Current library | Date acquired | Source of acquisition | Cost, normal purchase price | Total Checkouts | Full call number | Barcode | Date last seen | Copy number | Cost, replacement price | Koha item type |
|---|---|---|---|---|---|---|---|---|---|---|---|---|---|---|---|---|---|
| Dewey Decimal Classification | Not For Loan | Non-fiction | D.B.Act.Division | D.B.Act.Division | 20/11/2009 | DBAD / PUB | 750.00 | 305.42 PAL | EN-79049 | 20/11/2009 | 1 | 750.00 | English Books |
